000 01008nam a2200241 a 4500
001 000366001
003 AM-YeHGA
005 20250618075723.0
008 041004s2004 ai |||||||||||||||1|arm|d
020 _z99941-30-92-1
040 _aAM-YeHGA
041 0 _aarm
245 0 0 _aՀամաստեղ. մատենագիտական ցանկեր /
_cԿազմ.՝ Մ.Մ. Խաչատրյան ; Խմբ. և առաջաբ.՝ Լ.Գ. Մուրադյան.
260 _aԵրևան :
_bԱսողիկ,
_c2004.
300 _a26 էջ ;
_c20 սմ.
504 _aՅուրաքանչյուր բաժնից հետո՝ ծանոթագր.
600 1 4 _aՀամաստեղ,
_q(Կելենյան Համբարձում Հովհաննեսի),
_d1895-1966
_93439
650 1 4 _aԱնհատական մատենագիտություն
700 1 _aԽաչատրյան, Մարգարիտա Մամիկոնի,
_d1955-
_eկազմ.
_4com
_93602
700 1 _aՄուրադյան, Լ.Գ.
_eխմբ.
_4edt
_eառաջաբ.
_4aui
942 _2udc
_cBK
090 _c492397
999 _c489026
_d489026